Kleinste Länder der Welt - Statistiken

Allgemein
  • Dieses Quiz wurde 212 mal gespielt
  • Das Durchschnittsergebnis liegt bei 7 aus 10
Antwortstatistiken
Fläche in Quadratkilometern Antwort % Korrekt
0,44 Vatikanstadt
100%
2 Monaco
97%
61 San Marino
94%
160 Liechtenstein
85%
21 Nauru
72%
26 Tuvalu
67%
269 St. Kitts und Nevis
64%
316 Malta
62%
298 Malediven
46%
181 Marshallinseln
39%
Keine übereinstimmenden Quizze gefunden
Verteilung der Resultate
Anzahl Personen mit jedem Resultat
Perzentil nach korrekt beantworteten Fragen
Ihre Resultats-Entwicklung
Sie haben dieses Quiz noch nicht gespielt